Animales / (Record no. 38641)

MARC details
000 -LEADER
campo de control de longitud fija 00630nam a2200205 i 4500
001 - NÚMERO DE CONTROL
campo de control 38641
003 - IDENTIFICADOR DE NÚMERO DE CONTROL
campo de control ES-MaACL
005 - FECHA Y HORA DE LA ÚLTIMA TRANSACCIÓN
campo de control 20250814033433.0
007 - CAMPO FIJO DE DESCRIPCIÓN FÍSICA--INFORMACIÓN GENERAL
campo de control de longitud fija t|
008 - DATOS DE LONGITUD FIJA--INFORMACIÓN GENERAL
campo de control de longitud fija 030226s1973 sp ||||1| spa d
100 1# - ENTRADA PRINCIPAL--NOMBRE DE PERSONA
Nombre de persona Burton, Maurice.
9 (RLIN) 32787
245 10 - MENCIÓN DEL TÍTULO
Título Animales /
Mención de responsabilidad, etc. Maurice Burton ; [traducción: Ramón Margalef].
260 ## - PUBLICACIÓN, DISTRIBUCIÓN, ETC.
Lugar de publicación, distribución, etc. Madrid, etc. :
Nombre del editor, distribuidor, etc. Daimon,
Fecha de publicación, distribución, etc. [1973]
300 ## - DESCRIPCIÓN FÍSICA
Extensión 239 p. :
Otras características físicas il. ;
Dimensiones 18 cm.
505 8# - NOTA DE CONTENIDO CON FORMATO
Nota de contenido con formato Contiene: 2: Los primeros animales
650 #7 - PUNTO DE ACCESO ADICIONAL DE MATERIA--TÉRMINO DE MATERIA
Término de materia o nombre geográfico como elemento de entrada Zoología
Fuente del encabezamiento o término embne
9 (RLIN) 17868
700 1# - ENTRADA AGREGADA--NOMBRE PERSONAL
Nombre de persona Margalef, Ramón,
Fechas asociadas al nombre 1919-2004
9 (RLIN) 76608
852 ## - LOCALIZACIÓN
Ubicación ES-MaACL
Número de control de estantería C-53075
Sublocalización o colección R.85425
Holdings
Estatus retirado Estado de pérdida Estado de daño No para préstamo Biblioteca de origen Biblioteca actual Ubicación en estantería Fecha de adquisición Fuente de adquisición Total de préstamos Signatura topográfica completa Código de barras Visto por última vez Precio de reemplazo Tipo de ítem Koha
        Biblioteca del Ateneo de Madrid Biblioteca del Ateneo de Madrid Depósito 2 17/01/2008     C-53075 1040692 23/02/2023 23/02/2023 Libro impreso